|
|
|
|
| LEADER |
00875cam a2200241 7i4500 |
| 001 |
0000025468 |
| 005 |
20230713090000.0 |
| 020 |
|
|
|a 9780521774369 (pbk.)
|
| 090 |
0 |
0 |
|a PE1445.A2
|b L45 2003
|
| 100 |
1 |
|
|a Lazar, Gillian
|
| 245 |
1 |
0 |
|a Meanings and metaphors :
|b activities to practise figurative language
|c Gillian Lazar.
|
| 260 |
|
|
|a Cambridge:
|b Cambridge University Press,
|c 2003.
|
| 300 |
|
|
|a ix, 132 p.:
|b ill.;
|c 30 cm.
|
| 490 |
0 |
|
|a Cambridge copy collection
|
| 650 |
0 |
0 |
|a English language
|
| 650 |
0 |
0 |
|a Metaphors
|
| 650 |
0 |
0 |
|a Figures of speech
|
| 650 |
0 |
0 |
|a Simile
|
| 997 |
|
|
|a Education & Social Sciences, Faculty
|b Language Education, Department
|
| 998 |
|
|
|a TESL, Diploma
|
| 998 |
|
|
|a Education (TESL), Degree
|
| 999 |
|
|
|a KIT0000103
|b KIT
|c OPEN SHELF
|e Circulation Counter, Bestari Jaya
|
| 999 |
|
|
|a KIT0000104
|b KIT
|c OPEN SHELF
|e Circulation Counter, Bestari Jaya
|